The Class Actions Controversy The Origins and Development of the Ontario Class Proceedings Act /

Detalles Bibliográficos
Autor principal: Chiodo, Suzanne
Formato: eBook
Lenguaje:inglés
Publicado: Toronto: Irwin Law Inc., 2018
Materias:
Acceso en línea:Acceso restringido

MARC

LEADER 00000nam a22000007a 4500
005 20210805220341.0
007 cr|||| ||||
008 210805s2018 ca |||||s|||| 00||0 eng d
020 |a 9781552214770 
035 |a 34959 
040 |a vLex 
090 |c 11926  |d 11926 
100 1 |a Chiodo, Suzanne 
245 1 0 |a The Class Actions Controversy  |h [Recurso electrn̤ico] :  |b The Origins and Development of the Ontario Class Proceedings Act /  |c Suzanne Chiodo 
256 |a Servicio en ln̕ea 
260 |a Toronto:  |b Irwin Law Inc.,  |c 2018 
300 |a 1 recurso electrn̤ico 
500 |a Winner of the 2019 Peter Oliver Prize in Canadian Legal History. Shortlisted for the Speaker’s Book Award 2019. The Ontario Class Proceedings Act, 1992 represented a major innovation in civil procedure. Suzanne Chiodo’s book is the first to analyze comprehensively the history of this highly significant legislation. It looks at the origins of representative proceedings in equity, the rise of modern-day class actions around the world (particularly in the United States and Quebec), and at the debates about the Ontario legislation. The book presents an in-depth analysis of the political and social influences that shaped this momentous legal change. It explains for the first time how the Attorney General’s Advisory Committee Report in 1990 pulled together so many divergent interests where previous attempts had failed. With the twenty-fifth anniversary of the Act upon us, and the Law Commission of Ontario currently reviewing it, this is a timely contribution to a current debate as well as an instructive historical analysis. 
506 1 |a Disponible solo en los productos indicados  |d vLex Global  |d vLex Global (Academic Edition, excluding Law Schools)  |d vLex Global (U.S. Academic Edition, Law Schools)  |d vLex Global (U.S. Academic Edition, excluding Law Schools)  |d vLex Global (Academic Edition, Law Schools) 
650 0 4 |a Derecho Procesal  |z Canad̀ 
740 0 |a vLex Libros (Servicio en ln̕ea) 
856 4 0 |u https://app.vlex.com/#/sources/34959  |z Acceso restringido 
942 |c BOOK 
999 0 |a Procedural law